Die bekanntesten Transferströme zwischen Frankfurt und Schalke - Statistiken

Allgemein
  • Dieses Quiz wurde 65 mal gespielt
  • Das Durchschnittsergebnis liegt bei 6 aus 14
Antwortstatistiken
Saison Abgebender Verein Aufnehmender Verein Position Ablöse in € Spielername % Korrekt
2011/2012 Schalke Frankfurt Torwart ablösefrei Fährmann
83%
2020/2021 Frankfurt Schalke Torwart Leihe Rönnow
71%
2017/2018 Frankfurt Schalke Linker Verteidiger 4.500.000 Oczipka
68%
2007/2008 Frankfurt Schalke Defensives MF ablösefrei Jones
64%
2021/2022 Frankfurt Schalke Zentrales MF Leihe Zalazar
59%
2022/2023 Frankfurt Schalke Zentrales MF 1.500.000 Zalazar
59%
2020/2021 Schalke Frankfurt Torwart Leihe Schubert
44%
2020/2021 Frankfurt Schalke Mittelstürmer Leihe 2.000.000 Pacienca
37%
2007/2008 Frankfurt Schalke Rechtsaußen 2.500.000 Streit
37%
2008/2009 Schalke Frankfurt Defensives MF ablösefrei Bajramovic
20%
2015/2016 Schalke Frankfurt Innenverteidiger Leihe Ayhan
17%
2013/2014 Schalke Frankfurt Offensives MF Leihe 500.000 Barnetta
17%
2003/2004 Schalke Frankfurt Offensives MF ablösefrei Möller
17%
2009/2010 Schalke Frankfurt Offensives MF ablösefrei Altintop
5%
Keine übereinstimmenden Quizze gefunden
Verteilung der Resultate
Anzahl Personen mit jedem Resultat
Perzentil nach korrekt beantworteten Fragen
Ihre Resultats-Entwicklung
Sie haben dieses Quiz noch nicht gespielt